000 00608cam a22002293a 4500
001 14503
003 PGUSA
005 20140828083318.0
008 041228s2004||||xxu|||||s|||||000 | eng d
040 _aPGUSA
_beng
042 _adc
050 4 _aRC
100 1 _aMatos, Júlio de,
_d1857-1923
245 1 2 _aA Paranoia
_h[electronic resource] /
_cJúlio de Matos
260 _bProject Gutenberg,
_c2004
506 _aPublic domain in the USA.
516 _aElectronic text
653 _aParanoia
830 0 _aProject Gutenberg
_v14503
856 4 0 _uhttp://www.gutenberg.org/ebooks/14503
942 _cEB
999 _c243758
_d243758